00331nam a2200121Ia 4500008004100000082002000041100002000061245002700081260004100108365000600149630002700155730002700182100415s9999 xx 000 0 und d b14637a599(544) aPrakash Ishwar aMammals of Thar Desert aJODHPURc1994bSCIENTIFIC PUBLISHERS b0 aMammals of Thar Desert aMammals of Thar Desert